Villes hôtes de la Coupe du monde 2026 - Images de stades - Statistiques

Statistiques générales
  • Ce quiz a été pris 50 fois
  • Le résultat moyen est 11 sur 16
Statistiques - réponses
Par images Hint Réponse % Correct
MetLife Stadium New York
93%
Hard Rock Stadium Miami
89%
SoFi Stadium Los Angeles
87%
Estadio Azteca Mexico
87%
Gilette Stadium Toronto
78%
AT&T Stadium Dallas
76%
BC Place Vancouver
73%
Levi's Stadium San Francisco
69%
Mercedes-Benz Stadium Atlanta
67%
Lumen Field Seattle
67%
Gilette Stadium Boston
64%
NRG Stadium Houston
58%
Lincoln Financial Field Philadelphie
56%
Estadio BBVA Monterrey
49%
Estadio Akron Guadalajara
47%
Arrowhead Stadium Kansas City
27%
Aucun quiz correspondant
Distribution des résultats
% des personnes avec chaque résultat
Percentile par nombre de réponses
Votre historique - résultats
Vous n’avez pas pris ce quiz